书目信息 |
| 书名: | Waves and photons | |
| 作者: | Edwin Goldin. | |
| 分册号: | ||
| 分册名: | 出版地: | New York : |
|
| 出版社: | Wiley | |
| 出版时间: | 1982. | |
| 页数: | xi, 211 p. : | |
| 开本: | 24 cm. | |
| 丛书名: | Wiley series in pure and applied optics | |
| 中图分类号: | ||
| 科图分类号: | ||
| 其他分类号: | O431 | |
| 主题词: | ||
| 电子资源: | ||
| 000 | 00957nam 2200373 a 4500 | |
| 001 | E0731961745 | |
| 005 | 20070228085458.10 | |
| 020 | @a0471085928. | |
| 090 | @aO431 | |
| 099 | @dO431@ex1 | |
| 100 | 1 | @aGoldin, Edwin,@d1933- |
| 245 | 10 | @aWaves and photons :@ban introduction to quantum optics / @cEdwin Goldin. |
| 260 | @aNew York :@bWiley,@c1982. | |
| 300 | @axi, 211 p. :@bill. ;@c24 cm. | |
| 440 | 0 | @aWiley series in pure and applied optics,@x0277-2493 |
| 500 | @aIncludes index. | |
| 920 | @a231030@bO436@cG619W@z1 | |
| 920 | @a211010@bO431@cG569 @z1 | |
| 920 | @a211040@z1 | |
| 920 | @a212020@z1 | |
| 920 | @a251050@z1 | |
| 920 | @a242120@z1 | |
| 920 | @a235030@z1 | |
| 920 | @a211100@z1 | |
| 920 | @a245010@z1 | |
| 920 | @a231010@z1 | |
| 920 | @a215010@z1 | |
| 920 | @a243040@z1 | |
| 920 | @a236010@z2 | |
| 920 | @a222020@z2 | |
| 920 | @a242030@z2 | |
| 920 | @a212010@z1 | |
| 920 | @a244050@z2 | |
| 998 | @aPUL | |
| Waves and photons : : an introduction to quantum optics / / Edwin Goldin.-New York : : Wiley, , 1982. |
| xi, 211 p. : : ill. ; ; 24 cm.- (Wiley series in pure and applied optics, 0277-2493) |
| Includes index. |
| ISBN 0471085928. |
| ● |
| 相关链接 |
|
|
|
|
正题名:Waves and photons
索取号:O431/x1
 
预约/预借
| 序号 | 登录号 | 条形码 | 馆藏地/架位号 | 状态 | 备注 |
| 1 | 181384 | 000638180 | 第二样本阅览室/ [索取号:O431/x1] | 在馆 | |
| 2 | 181385 | 000638171 | 第四借阅区/ [索取号:O431/x1] | 在馆 | |
| 3 | 181604 | 000637840 | 第四借阅区/ [索取号:O431/x1] | 在馆 | |
| 4 | 181605 | 000638162 | 第四借阅区/ [索取号:O431/x1] | 在馆 |